000 00320nam a22001457a 4500
020 _a1843621584
082 _a823
_bWIL/G
100 _aWIILIS, JEANNE
245 _aCABBY
_bTHE CAMPIE CABBIE
260 _aAUSTRALIA
_bORCHARD BOOKS
_c2005
300 _a48
520 _aSHORT STORY
650 _aSHORT STORY
942 _cBK
999 _c6592
_d6592